राजस्व प्रशासन / (Record no. 113470)
[ view plain ]
| 000 -LEADER | |
|---|---|
| fixed length control field | 01098nam a22002657a 4500 |
| 005 - DATE AND TIME OF LATEST TRANSACTION | |
| control field | 20170124102953.0 |
| 010 ## - LIBRARY OF CONGRESS CONTROL NUMBER | |
| LC control number | A-460253 |
| 020 ## - INTERNATIONAL STANDARD BOOK NUMBER | |
| Terms of availability | 95.00 |
| International Standard Book Number | 8171930069 |
| 035 ## - SYSTEM CONTROL NUMBER | |
| System control number | A-460253 |
| 037 ## - SOURCE OF ACQUISITION | |
| Source of stock number/acquisition | Cen Lib/Ret |
| 040 ## - CATALOGING SOURCE | |
| Original cataloging agency | DPL |
| Language of cataloging | HN |
| 082 ## - DEWEY DECIMAL CLASSIFICATION NUMBER | |
| Classification number | 343.054 |
| Item number | अन्तरसि |
| 100 ## - MAIN ENTRY--PERSONAL NAME | |
| Personal name | अन्तर सिंह |
| 9 (RLIN) | 2125 |
| 245 ## - TITLE STATEMENT | |
| Title | राजस्व प्रशासन / |
| Statement of responsibility, etc | अन्तर सिंह |
| 246 ## - VARYING FORM OF TITLE | |
| Title proper/short title | Rajasv prashasan / |
| Remainder of title | by Antar Singh |
| 260 ## - PUBLICATION, DISTRIBUTION, ETC. (IMPRINT) | |
| Place of publication, distribution, etc | जयपुर |
| Name of publisher, distributor, etc | क्लासिकल पब्लिशिंग हाउस |
| Date of publication, distribution, etc | 1991 |
| 270 ## - ADDRESS | |
| City | जयपुर |
| Address | F-164A सुरेश मार्ग, सी स्कीम |
| Postal code | 302 001 |
| 300 ## - PHYSICAL DESCRIPTION | |
| Extent | vi,88पृ. |
| Dimensions | 20सेमी (सजिल्द) |
| 500 ## - GENERAL NOTE | |
| General note | अनुक्रमाणिका और संदर्भ शामिल |
| 650 ## - SUBJECT ADDED ENTRY--TOPICAL TERM | |
| Topical term or geographic name as entry element | प्रशासन |
| 9 (RLIN) | 52388 |
| 650 ## - SUBJECT ADDED ENTRY--TOPICAL TERM | |
| Topical term or geographic name as entry element | शासन-पद्धति |
| 9 (RLIN) | 3679 |
| 650 ## - SUBJECT ADDED ENTRY--TOPICAL TERM | |
| Topical term or geographic name as entry element | Administration |
| 9 (RLIN) | 4825 |
| 650 ## - SUBJECT ADDED ENTRY--TOPICAL TERM | |
| Topical term or geographic name as entry element | System of government |
| 9 (RLIN) | 52389 |
| 942 ## - ADDED ENTRY ELEMENTS (KOHA) | |
| Source of classification or shelving scheme | Dewey Decimal Classification |
| Koha item type | Hindi Books |
| Classification part | 343.054 |
| Call number suffix | अन्तरसि |
| Withdrawn status | Lost status | Damaged status | Not for loan | Home library | Current library | Date acquired | Source of acquisition | Cost, normal purchase price | Total Checkouts | Full call number | Barcode | Date last seen | Copy number | Cost, replacement price | Price effective from | Koha item type |
|---|---|---|---|---|---|---|---|---|---|---|---|---|---|---|---|---|
| Central Library | Central Library | 12/08/2015 | Cen Lib/Ret | 95.00 | 343.054 अन्तरसि | A-460253 | 12/08/2015 | 1 | 95.00 | 12/08/2015 | Hindi Books |
